000 00700cab a2200241 4500
001 WB2947-38
008 090401t1993 xxu||||| |||| 00| 0 eng d
035 _a(Sirsi) u5505
041 _aeng
245 _aDocklands urban village planned
260 _c1993
350 _a0
490 _aArchitects` Journal
_v15-22 December 1993, (1)
520 _aLDCC and the Peabody Trust are jointly contributing £300,000 towards launching a Docklands urban village scheme at west Silverton.
650 _aLDDC
650 _aLONDON DOCKLANDS
650 _aPEABODY TRUST
650 _aURBAN REGENERATION
650 _aURBAN VILLAGES
690 _aURBAN RENEWAL
942 _n0
948 _c04/03/1997
999 _c3280
_d3280